La muerte real y la muerte aparente con relación a los santos sacramentos
שמור ב:
| מחבר ראשי: | |
|---|---|
| פורמט: | ספר |
| שפה: | ספרדית |
| יצא לאור: |
Madrid
Administración de Razón y Fe
1911
|
| מהדורה: | 4a. ed |
| נושאים: | |
| תגים: |
הוספת תג
אין תגיות, היה/י הראשונ/ה לתייג את הרשומה!
|
MARC
| LEADER | 00000nam a2200000 a 4500 | ||
|---|---|---|---|
| 001 | UCL4436 | ||
| 003 | CL-VaPUC | ||
| 008 | 040116e19110000SP |||||||||||||||||spa|d | ||
| 082 | 0 | 4 | |a 236.1 |b FER |2 21 |
| 100 | 0 | |a Ferreres, Juan B |e author |9 481964 | |
| 245 | 1 | 3 | |a La muerte real y la muerte aparente con relación a los santos sacramentos |
| 250 | |a 4a. ed | ||
| 300 | |a 224 p | ||
| 942 | |c BK | ||
| 945 | |d 20040116 00:00:00 |a rbrito | ||
| 260 | |a Madrid |b Administración de Razón y Fe |c 1911 | ||
| 650 | 0 | |a Muerte |9 265114 | |
| 650 | 0 | |a Sacramentos |9 257270 | |
| 650 | 0 | |a Antropología filosófica |9 265842 | |
| 583 | |a last modification |c 20121001 10:53:01 |k Rodrigo Vera | ||
| 999 | |c 307266 |d 307264 | ||
| 952 | |0 0 |1 0 |4 0 |6 236_100000000000000_FER_1911 |7 0 |8 P |9 373040 |a BIBTEO |b BIBTES |c TEO_FTES |d 2019-11-21 |i 3146855 |o 236.1 FER 1911 |p 3146855 |r 2024-01-18 |w 2019-11-21 |y BK |k ICR | ||